Statistics for American Countries by Containing Letters in 15 Seconds

Click here to take the quiz!

General Stats

  • This quiz has been taken 143 times
  • The average score is 16 of 23

Answer Stats

Letter % Correct
A
99%
I
99%
N
97%
E
96%
T
94%
U
94%
D
93%
S
88%
C
87%
B
84%
R
84%
M
77%
G
68%
Z
65%
O
65%
H
55%
L
49%
V
42%
P
41%
J
35%
X
30%
Y
23%
K
14%

Score Distribution

Percentile by Number Answered

Percent of People with Each Score

Your Score History

You have not taken this quiz